Districts of Saint Helena - Statistics

General Stats
  • This quiz has been taken 25 times
  • The average score is 4 of 8
Answer Stats
Answer % Correct
Jamestown
100%
Longwood
50%
Half Tree Hollow
43%
Alarm Forest
36%
Blue Hill
36%
Levelwood
36%
Saint Paul's
29%
Sandy Bay
29%
No matching quizzes found
Score Distribution
Percent of People with Each Score
Percentile by Number Answered
Your Score History
You have not taken this quiz